What Day of the Week Is It When...? Quiz Stats

 Plays Quiz Updated Apr 25, 2012

Challenge
Share
Tweet
Embed
Score 0/30 Timer 04:00
4 Plays Today
Event Day % Correct
Super Bowl???
95.6%
Thanksgiving (U.S.)???
90.6%
Casual or Dress-Down Day at work (commonly)???
89.6%
Martin Luther King, Jr. Day???
88%
Mother's Day (U.S.)???
87.9%
Hump Day???
85.8%
President's Day (U.S.)???
77.7%
Columbus Day???
77.1%
Presidential Election Day (U.S.)???
77.1%
Academy Awards (1999 and after)???
73%
Mardi Gras???
70.8%
Day 60 Minutes airs???
70.5%
Final Round Masters Golf Tournament???
64%
Day Mitch Albom met with Morrie???
54.8%
Kentucky Derby???
54.2%
Event Day % Correct
Wimbledon Women's Singles Championship???
48.1%
NCAA Men's Div I Basketball Championship???
46.3%
Last Supper???
36.4%
Day Wimpy will pay for a hamburger (Popeye)???
34.7%
New York City Marathon???
28.3%
Bath or Wash Day (traditionally)???
28.1%
1929 Stock Market Crash???
25.9%
Prince Spaghetti Day???
25.7%
2011 Royal Wedding???
25.2%
1987 Stock Market Crash???
23.8%
MLB All-Star Game???
23.3%
Day of Faith (Jumu'ah)???
22.7%
NBA Draft???
18.3%
Academy Awards (pre-1999)???
14.5%
Armed Forces Day (U.S.)???
7.7%

You're not logged in!

Compare scores with friends on all Sporcle quizzes.
Join for Free
OR
Log In

You Might Also Like...

Show Comments

Extras

Top Quizzes Today


Score Distribution

Your Account Isn't Verified!

In order to create a playlist on Sporcle, you need to verify the email address you used during registration. Go to your Sporcle Settings to finish the process.

Report this User

Report this user for behavior that violates our Community Guidelines.

Details: